00541nam a2200193 a 4500001001300000003000900013005001700022008004100039020002300080082001600103100002300119245004500142260004900187300000900236500003500245505003100280650001300311700002300324nice12345678IN_TiNIC20260116014055.0050524s2004 vera grp 000 0 eng  a159477X c58500a294.54bSTO aStorl, Wolf-Dieter aShiva, the Wild God of Power and Ecstasy aVermontbInner Tradition Internationalc2004 a296p aincludes index and biblioraphy2 aNotes, Bibliography, Index aShivaism1 aStorl, Wolf-Dieter